| 000 | 00380nam a2200169Ia 4500 | ||
|---|---|---|---|
| 001 | 24982 | ||
| 005 | 20260414151119.0 | ||
| 008 | 260414t1998||||xx |||||||||||||| ||spa|| | ||
| 041 | _aESP | ||
| 082 |
_a346.065 _bA24 |
||
| 100 |
_aCinseyt _eAUT |
||
| 245 | 0 |
_aAnálisis de legislación pyme _b |
|
| 260 | _c1998 | ||
| 650 | _aDER | ||
| 654 | _aCDE | ||
| 942 |
_cLIB _dJUS _fJUS _2ddc _n |
||
| 999 |
_c24982 _d24982 |
||